00626nam a2200217Ia 4500001000700000003000500007008004100012010001100053040000900064082001600073100002600089245008300115260004900198300001100247440000500258500000500263503000500268650002800273650008100301650002600382Z_2636CHAP220113s1972 xx 000 0 und d a165696 cCHAP a591.972 L46 aLeopold, Aldo Starker aWildlife of Mexico : the game, birds and mammals /cpor Aldo Starker Leopold aBerkeley :bUniversity of California,c1972 a568 p. a a a aAves de cazaxMéxico  aMamíferosxMéxico I. Instituto Mexicano de Recursos Naturales Renovables aMéxicoxZoología